000 00613nam a2200217Ia 4500
005 20250508164609.0
008 008 250505s9999 xx 000 0 eng d
020 _a92 820 1056 2
037 _aTextual
040 _aFEDL
_beng
_cFEDL
041 _aeng
_2eng
084 _a374, WAR
_qFEDL
100 _aWard Christine
_9778561
245 0 _aPreparing and using constructed-answer questions
260 _aCheltenham, UK
_bStanley Thornes Publishers Limited
_c1981
300 _avii,201p.
365 _aGBP
_b4.95
546 _aMACESE
942 _cTEXL
_h374, WAR
999 _c1390042
_d1390042